Odbory a zamestnávatelia - nový sociálny poriadok
Globalizácia a europeizácia. Medzinárodné sociálne právo. Nový európsky sociálny poriadok. Sociálny dialóg a sociálne partnerstvo obsiahnuté v Zmluve o založení Európskeho spoločenstva. Práva zamestnancov. Strategické ciele medzinárodného sociálneho práva.
Enregistré dans:
| Auteur principal: | |
|---|---|
| Format: | Chapitre de livre |
| Langue: | slovaque |
| Sujets: | |
| Tags: |
Pas de tags, Soyez le premier à ajouter un tag!
|
MARC
| LEADER | 00000naa$a2200000$$$4500 | ||
|---|---|---|---|
| 001 | 0088531 | ||
| 005 | 20231120082730.4 | ||
| 041 | 0 | |a slo | |
| 044 | |a SK | ||
| 245 | 1 | 0 | |a Odbory a zamestnávatelia - nový sociálny poriadok |c Vojtech Tkáč |
| 520 | |a Globalizácia a europeizácia. Medzinárodné sociálne právo. Nový európsky sociálny poriadok. Sociálny dialóg a sociálne partnerstvo obsiahnuté v Zmluve o založení Európskeho spoločenstva. Práva zamestnancov. Strategické ciele medzinárodného sociálneho práva. | ||
| 610 | 2 | 0 | |a právo sociálne |
| 610 | 2 | 0 | |a právo medzinárodné |
| 610 | 2 | 0 | |a globalizácia |
| 610 | 2 | 0 | |a dialóg sociálny |
| 610 | 2 | 0 | |a partnerstvo sociálne |
| 610 | 2 | 0 | |a hnutie odborové |
| 610 | 2 | 0 | |a zamestnávatelia |
| 100 | 1 | |a Tkáč, Vojtech | |